The Qur'an

Bibliographic Details
Other Authors: Irving, T.B(Al-Hajj Ta'lim Ali)
Format: Book
Published: Singapore : Omar Brothers Pub. , 1991
Subjects:

MARC

LEADER 00000cam a2200000 7i4500
001 0000004105
002 000004417
005 20000330.0
020 |a 997186102X 
090 0 0 |a 297.1227   |b QUR 
245 0 4 |a The Qur'an   |c translation by T.B.Irving (Al-Hajj Ta'lim Ali) 
260 |a Singapore :   |b Omar Brothers Pub. ,   |c 1991 
300 |a 401p. ;   |c 23cm. 
650 0 0 |a Quran   |x Commentaries 
700 1 |a Irving, T.B(Al-Hajj Ta'lim Ali) 
999 |a 033416   |b BUKU   |c PINJAMAN   |e PERPUSTAKAAN KOMUNITI PETALING JAYA 
999 |a 034817   |b BUKU   |c PINJAMAN   |e PERPUSTAKAAN KOMUNITI PETALING JAYA